| 000 | 005710000a22001810004500 | ||
|---|---|---|---|
| 003 | MACL | ||
| 005 | 20160216161147.0 | ||
| 008 | 160216b xxu||||| |||| 00| 0 eng d | ||
| 040 |
_aMACL _cmacl |
||
| 041 | _aHindi | ||
| 082 | _a294 | ||
| 100 |
_aमिश्र डॉ. जयराम _938543 |
||
| 245 | _aश्रीरामभक्त् शक्तिपुंज हनुमान | ||
| 260 |
_bलोकभारती प्रकाशन _c1987 _aइलाहाबाद |
||
| 350 | _a50 | ||
| 650 |
_aReligion _938544 |
||
| 942 |
_cHIN _k294 _2ddc |
||
| 999 |
_c30049 _d30049 |
||